Tilastot visalle Vuoden urheilijat Suomessa

Klikkaa tästä pelataksesi tätä visaa!

Yleistilastot

  • Tätä visaa on pelattu 97 kertaa
  • Keskiarvotulos 27 / 69

Vastaustilastot

VuosiVuoden urheilija% Oikein
2007 | 2013Tero Pitkämäki
92%
2015Tero Pitkämäki
91%
1972 | 1976Lasse Virén
79%
1985 | 1988Matti Nykänen
76%
1998Mika Häkkinen
68%
2014Iivo Niskanen ja Sami Jauhojärvi
66%
1997 | 1999Mika Myllylä
66%
2005Janne Ahonen
64%
1984Marja-Liisa Hämäläinen
62%
1995Jari Litmanen
59%
2011Kaisa Mäkäräinen
56%
2010Minna Kauppi
55%
1992Toni Nieminen
55%
2000Arsi Harju
54%
2002Samppa Lajunen
51%
1996Heli Rantanen
51%
2001Sami Hyypiä
49%
1983Tiina Lillak
49%
2009Aino-Kaisa Saarinen
48%
2008Satu Mäkelä-Nummela
44%
1994Jani Sievinen
43%
1991Kimmo Kinnunen
41%
1979 | 1980Pertti Karppinen
39%
1982Keijo Rosberg
39%
2003Hanna-Maria Seppälä
37%
1986 | 1987 | 1989Marjo Matikainen
36%
1952 | 1953 | 1954 | 1960Veikko Hakulinen
34%
1964 | 1966Eero Mäntyranta
33%
2012Tuuli Petäjä-Siren
33%
2006Jukka Keskisalo
32%
1993Juha Kankkunen
31%
2004Marko Yli-Hannuksela
29%
1977Pertti Ukkola
28%
1971Juha Väätäinen
25%
1968 | 1969Kaarlo Kangasniemi
24%
1975 | 1981Heikki Ikola
22%
1990Päivi Alafrantti
21%
1978Helena Takalo
21%
1959Juhani Järvinen
20%
1974Riitta Salin
20%
1948 | 1950Heikki Hasu
20%
1955Voitto Hellsten
18%
1973Mona-Lisa Pursiainen
17%
1970Kalevi Oikarinen
16%
1962Pentti Nikula
16%
1967Eero Tapio
15%
1956Antti Hyvärinen
13%
1949Viljo Heino
10%
1957Olavi Vuorisalo
10%
1947Mikko Hietanen ja Lassi Parkkinen
9%
1963Pentti Eskola
9%
1958Vilho Ylönen
8%
1951Veikko Karvonen
8%
1961Kalevi Huuskonen
8%
1965Jouko Launonen
8%

Tulosjakauma

Persentiili vastausten määrän mukaan

Jokaisen tuloksen saaneiden osuus

Tuloshistoriasi

Et ole pelannut tätä visaa